| 000 | 01600cam a2200397 a 4500 | ||
|---|---|---|---|
| 999 |
_c531660 _d531660 |
||
| 001 | 15370885 | ||
| 003 | NUST | ||
| 005 | 20191023105900.0 | ||
| 008 | 080717s2009 enkab b 001 0 eng | ||
| 010 | _a 2008031182 | ||
| 015 |
_aGBA898993 _2bnb |
||
| 016 | 7 |
_a014691936 _2Uk |
|
| 020 | _a9780754670988 (alk. paper) | ||
| 020 | _a0754670988 (alk. paper) | ||
| 035 | _a(OCoLC)ocn236332006 | ||
| 035 | _a(OCoLC)236332006 | ||
| 038 | _aMSOHAIL | ||
| 040 |
_aDLC _cDLC _dBTCTA _dBAKER _dUKM _dYDXCP _dBWKUK _dBWK _dCDX _dDLC |
||
| 043 |
_aec----- _acl----- |
||
| 050 | 0 | 0 |
_aHT395.E814 _bD43 2009 |
| 082 | 0 | 0 |
_a307.120943 _222 |
| 245 | 0 | 0 |
_aDe-coding new regionalism : _bshifting socio-political contexts in Central Europe and Latin America / _cedited by James W. Scott. |
| 260 |
_aFarnham, England ; _aBurlington, VT : _bAshgate, _cc2009. |
||
| 300 |
_avi, 262 p. : _bill., maps ; _c25 cm. |
||
| 440 | 0 |
_aUrban and regional planning and development _923574 |
|
| 504 | _aIncludes bibliographical references and index. | ||
| 650 | 0 |
_aRegional planning _zEurope, Central. _924585 |
|
| 650 | 0 |
_aRegional planning _zLatin America. _924586 |
|
| 650 | 0 |
_aRegionalism _zEurope, Central. _924587 |
|
| 650 | 0 |
_aRegionalism _zLatin America. _924588 |
|
| 700 | 1 |
_aScott, James Wesley, _d1956- _924589 |
|
| 856 | 4 | 1 |
_3Table of contents only _uhttp://www.loc.gov/catdir/toc/ecip0824/2008031182.html |
| 906 |
_a7 _bcbc _corignew _d1 _eecip _f20 _gy-gencatlg |
||
| 942 |
_2ddc _cBK |
||